000 00702nam a2200169 a 4500
001 000043128
005 20201002040646.0
008 140220s1983 sp c 000 0 spa d
020 _a8472236080
040 _aDO-SdBNP
_bspa
_cBNPHU
245 0 0 _aConsules de Sodoma :
_bEntrevistas de "Gay Sunshine" a William Burroughs, Jean Genet, Lou Harrison, John Rechy, Gore Vidal /
_cedición a cargo de Winston Leyland ; traduccón de Homero Alsina Thevenet.
260 _aBarcelona :
_bTusquets,
_c1983.
300 _av. (241 p.) ; :
_bil. ;
_c19 cm.
490 1 _aCuadernos ínfimos
_v108
504 _aIncluye referencias bibliográfica y notas al pie de las páginas
830 0 _aCuadernos ínfimos
_v108
_970678
999 _c42617
_d42617